000 00432nam a2200169Ia 4500
005 20250508162129.0
008 008 250505s9999 xx 000 0 eng d
037 _aTextual
040 _aFEDL
_beng
_cFEDL
041 _aeng
_2eng
084 _aB, KEL
_qFEDL
245 0 _aHelen keller
260 _aLondon, UK
_bAdam and Charles Black
_c1957
300 _a95p.
942 _cTEXL
_hB, KEL
999 _c1374559
_d1374559